Ιστορίες από το αρχαίο δράμα : Βάκχες, Αίαντας, Ιχνευτές
Αποθηκεύτηκε σε:
| Κύριος συγγραφέας: | |
|---|---|
| Άλλοι συγγραφείς: | , |
| Μορφή: | Βιβλίο |
| Γλώσσα: | Greek |
| Δημοσίευση: |
Αθήνα :
Φυτράκης,
c2005.
|
| Θέματα: | |
| Ετικέτες: |
Προσθήκη ετικέτας
Δεν υπάρχουν, Καταχωρήστε ετικέτα πρώτοι!
|
MARC
| LEADER | 00000cam a2200000 a 4500 | ||
|---|---|---|---|
| 001 | 1/116329 | ||
| 008 | 180426s2005####gr | ||| |||| ||gre|| | ||
| 020 | |a 9605354195 | ||
| 040 | |a GR-MyUa |b gre |c GR-MyUa |e AACR2 | ||
| 041 | 0 | |a gre | |
| 082 | 7 | |a 882 |2 (23) | |
| 100 | 0 | |a Ευριπίδης, |d 480-406. | |
| 245 | 1 | 0 | |a Ιστορίες από το αρχαίο δράμα : |b Βάκχες, Αίαντας, Ιχνευτές / |c Ευριπίδης, Σοφοκλής, απόδοση: Ελένη Χωρεάνθη. |
| 260 | |a Αθήνα : |b Φυτράκης, |c c2005. | ||
| 300 | |a 279 σ. : |b εικ. ; |c 21 εκ. | ||
| 600 | 0 | 7 | |2 nlgaf |a Ευριπίδης, |d 480-406. |
| 600 | 0 | 0 | |a Σοφοκλής, |d 496-406. |
| 650 | 0 | |a Greek drama (Tragedy) | |
| 650 | 0 | |a Greek poetry. | |
| 650 | 0 | |a Greek literature, Hellenistic. | |
| 700 | 1 | |a Χωρεάνθη, Ελένη, |d 1936- |e trlf | |
| 700 | 1 | |a Κωνσταντόπουλος, Διονύσης, |e ill | |
| 852 | |a INST |b RHODES |e 20180426 |h 882 ΕΥΡ |p 005400039922 |q 005400039922 |t BK |y 4 |x 20220822 | ||
| 970 | |z 26-04-2018 | ||